[Event "French Top 12 2013"]
[Site "Haguenau FRA"]
[Date "2013.05.31"]
[Round "2.6"]
[White "Van Wely, Loek"]
[Black "Collas, Didier"]
[Result "1-0"]
[WhiteTitle "GM"]
[BlackTitle "IM"]
[WhiteElo "2689"]
[BlackElo "2394"]
[WhiteTeam "Clichy-Echecs-92"]
[BlackTeam "Marseille Echecs"]
[WhiteFideId "1000268"]
[BlackFideId "602680"]
[EventDate "2013.05.30"]

1. d4 f5 2. g3 Nf6 3. Bg2 g6 4. Nf3 Bg7 5. b4 c6 6. c4 d5 7. cxd5 cxd5 8. a4 Ne4
9. Ba3 Nc6 10. e3 O-O 11. O-O a6 12. Nbd2 b5 13. Rc1 Bd7 14. Nb3 a5 15. Nxa5
Nxa5 16. bxa5 Rxa5 17. Bb4 Rxa4 18. Qb3 Be6 19. Rc6 Qd7 20. Rfc1 Ra7 21. Ne1
Rfa8 22. f3 Ng5 23. h4 Nf7 24. f4 Rd8 25. Nd3 Nh6 26. Rb6 Bf7 27. Nc5 Qc7 28.
Rxb5 Ng4 29. Nd3 Qd7 30. Ba5 Rxa5 31. Rxa5 Nxe3 32. Ne5 Bxe5 33. dxe5 d4 34. Qd3
Nxg2 35. Kxg2 Bd5+ 36. Kf2 Be4 37. Qc4+ Kf8 38. e6 Qb7 39. Rb5 Qa7 40. Qc7 Qa2+
41. Ke1 Ra8 42. Qe5 Kg8 43. Rb8+ Rxb8 44. Qxb8+ Kg7 45. Qe5+ Kh6 46. Qxd4 Qxe6
47. Qe3 Qa2 48. Rd1 Qb2 49. Rd2 Qb1+ 50. Kf2 Qb4 51. Re2 Kg7 52. g4 Kf7 53. Kg3
Qc4 54. h5 Kg7 55. Rh2 fxg4 56. Re2 Qd3 57. Qxd3 Bxd3 58. Rxe7+ Kf6 59. Rxh7
gxh5 60. Rxh5 Bc4 61. Re5 Be6 62. Rc5 Bd7 63. Kf2 Be8 64. Ke3 Bg6 65. Rc6+ Kf5
66. Rc8 Kf6 67. Kd4 Bf7 68. Rc5 Bg6 69. Rg5 Bf5 70. Ke3 Bd7 71. Kf2 Bc8 72. Kg3
Bd7 73. Kh4 Be6 74. Rh5 Kg6 75. Rh8 Kg7 76. Rd8 Kf6 77. Rb8 Kf5 78. Re8 Kf6 79.
Rh8 Kg7 80. Rh5 Kg6 81. Rc5 Kf6 82. Kh5 Bd7 83. Kh4 Be6 84. Kg3 Bd7 85. Kf2 Be8
86. Rg5 Bd7 87. Ke3 Bf5 88. Kd4 Bd7 89. Rc5 Be6 90. Ke4 Bd7 91. Rh5 Bc6+ 92. Ke3
Bd7 93. Rh6+ Kf5 94. Rh8 Kf6 95. Rd8 Be6 96. Rd6 Kf5 97. Ra6 Bd7 98. Rb6 Be6 99.
Rb5+ Kf6 100. Ke4 Bc4 101. Rb6+ Kg7 102. f5 Be2 103. Ke5 Bc4 104. Rg6+ Kf7 105.
Rxg4 Bb3 106. Rb4 Ba2 107. Rb7+ 1-0

[Event "French Top 12 2013"]
[Site "Haguenau FRA"]
[Date "2013.05.31"]
[Round "2.7"]
[White "Goldsztejn, Gildas"]
[Black "Pelletier, Yannick"]
[Result "0-1"]
[WhiteTitle "IM"]
[BlackTitle "GM"]
[WhiteElo "2402"]
[BlackElo "2599"]
[WhiteTeam "Marseille Echecs"]
[BlackTeam "Clichy-Echecs-92"]
[WhiteFideId "612375"]
[BlackFideId "1301837"]
[EventDate "2013.05.30"]

1. e4 e6 2. d4 d5 3. e5 c5 4. c3 Qb6 5. Nf3 Nc6 6. a3 Nge7 7. b4 cxd4 8. cxd4
Nf5 9. Bb2 Bd7 10. g4 Nfe7 11. Nc3 Na5 12. Qc2 Nc4 13. Bxc4 dxc4 14. Nd2 Qc6 15.
Nce4 c3 16. Qxc3 Nd5 17. Qxc6 Bxc6 18. Rg1 Be7 19. Nc4 O-O 20. Ncd6 f5 21. Nc5
Bxd6 22. Nxe6 f4 23. Nxf8 Bxf8 24. g5 Kf7 25. Kd2 Be7 26. h4 g6 27. Bc3 a6 28.
Rgc1 Ke6 29. Ke2 h6 30. Bd2 hxg5 31. hxg5 Rh8 32. Rcb1 Bb5+ 33. Kf3 Rh3+ 34. Kg4
Rd3 35. Be1 Bd7 0-1

[Event "French Top 12 2013"]
[Site "Haguenau FRA"]
[Date "2013.05.31"]
[Round "2.8"]
[White "Skripchenko, Almira"]
[Black "Malassagne, Isabelle"]
[Result "1-0"]
[WhiteTitle "IM"]
[WhiteElo "2430"]
[BlackElo "1985"]
[WhiteTeam "Clichy-Echecs-92"]
[BlackTeam "Marseille Echecs"]
[WhiteFideId "13900145"]
[BlackFideId "20670265"]
[EventDate "2013.05.30"]

1. b3 d5 2. Bb2 Bg4 3. Nf3 Nd7 4. e3 Ngf6 5. h3 Bh5 6. Be2 e6 7. c4 c6 8. O-O
Bd6 9. Nc3 O-O 10. cxd5 exd5 11. Nd4 Bxe2 12. Ncxe2 Re8 13. d3 a5 14. a3 Bf8 15.
Qc2 Qb6 16. Nf3 g6 17. Rab1 Bg7 18. Ng3 Nf8 19. e4 Ne6 20. Rfe1 Rad8 21. Bc3 Qa6
22. Qb2 Nd7 23. Bxg7 Nxg7 24. exd5 cxd5 25. Qd2 Nc5 26. Red1 a4 27. b4 Nb3 28.
Qh6 Ne6 29. Qh4 Qd6 30. Ne2 d4 31. Nc1 Nxc1 32. Rbxc1 Rc8 33. Rxc8 Rxc8 34. Nd2
Qf4 35. Qe7 Rc3 36. Ne4 Rc2 37. Qe8+ Kg7 38. Qxa4 Re2 39. Qd7 Kh6 40. Rf1 Ra2
41. Nd6 Kg7 42. Nc4 Qf6 43. Qxb7 Nf4 44. Qe4 Ne2+ 45. Kh2 Qd8 46. Re1 Qb8+ 47.
Kh1 Nc3 48. Qxd4+ 1-0

[Event "French Top 12 2013"]
[Site "Haguenau FRA"]
[Date "2013.05.31"]
[Round "2.2"]
[White "Llanes Hurtado, Miguel"]
[Black "Bauer, Christian"]
[Result "1/2-1/2"]
[WhiteTitle "GM"]
[BlackTitle "GM"]
[WhiteElo "2469"]
[BlackElo "2638"]
[WhiteTeam "Grasse Echecs"]
[BlackTeam "Vandoeuvre-Echecs"]
[WhiteFideId "2206706"]
[BlackFideId "603767"]
[EventDate "2013.05.30"]

1. d4 e6 2. c4 Nf6 3. g3 d5 4. Nf3 Bb4+ 5. Bd2 Be7 6. Bg2 O-O 7. O-O c6 8. Qc2
Nbd7 9. Bf4 a5 10. a4 b6 11. cxd5 Nxd5 12. Nc3 Nb4 13. Qb1 Ba6 14. Rd1 Nd5 15.
Nxd5 cxd5 16. Bf1 h6 17. Rc1 Rc8 18. Rxc8 Qxc8 19. Qd1 Qb7 20. Rc1 Rc8 21. Rxc8+
Qxc8 22. Qc1 Qxc1 23. Bxc1 g5 24. h4 f6 25. hxg5 hxg5 26. Bd2 Kf7 27. Ne1 Nb8
28. g4 Bc4 29. e3 Bb3 30. Bb5 Bd6 31. f3 Ke7 32. Nd3 Nd7 33. Nc1 Bd1 34. Kf2 Nf8
35. Na2 Bb3 36. Nc1 Bd1 37. Na2 Ng6 38. Nc3 Bc2 39. Ke2 Bb4 40. Na2 Bd6 41. b4
axb4 42. Nxb4 Bb3 43. Nc6+ Kf7 44. Nd8+ Ke7 45. Nc6+ Kf8 1/2-1/2

[Event "French Top 12 2013"]
[Site "Haguenau FRA"]
[Date "2013.05.31"]
[Round "2.5"]
[White "Nezar, Mustapha"]
[Black "Szabo, Krisztian1"]
[Result "1/2-1/2"]
[WhiteTitle "IM"]
[BlackTitle "GM"]
[WhiteElo "2396"]
[BlackElo "2545"]
[WhiteTeam "Vandoeuvre-Echecs"]
[BlackTeam "Grasse Echecs"]
[WhiteFideId "608637"]
[BlackFideId "722901"]
[EventDate "2013.05.30"]

1. e4 e5 2. Nf3 Nc6 3. d4 exd4 4. Nxd4 Bc5 5. Nb3 Bb6 6. Nc3 Nf6 7. Qe2 O-O 8.
Be3 d5 9. O-O-O d4 10. f3 Be6 11. Bf2 Ng4 12. fxg4 Qg5+ 13. Qd2 Qxd2+ 14. Rxd2
dxc3 15. bxc3 Bxf2 16. Rxf2 Bxg4 17. Nc5 Ne5 18. Nxb7 Be6 19. c4 Nxc4 20. Nc5
Ne5 21. a3 Rab8 22. Be2 Rfd8 23. Nxe6 fxe6 24. Rd1 c5 25. Rff1 g6 26. Rxd8+ Rxd8
27. Rd1 Rxd1+ 28. Kxd1 Kf7 29. Kd2 Ke7 30. Kc3 Kd6 31. Kb3 Kc6 32. Bc4 Kd6 33.
Be2 Kc6 34. Bc4 1/2-1/2

[Event "French Top 12 2013"]
[Site "Haguenau FRA"]
[Date "2013.05.31"]
[Round "2.6"]
[White "Battaglini, Gabriel"]
[Black "Philippe, Christophe"]
[Result "1-0"]
[WhiteTitle "IM"]
[BlackTitle "IM"]
[WhiteElo "2437"]
[BlackElo "2372"]
[WhiteTeam "Grasse Echecs"]
[BlackTeam "Vandoeuvre-Echecs"]
[WhiteFideId "621650"]
[BlackFideId "610038"]
[EventDate "2013.05.30"]

1. d4 c5 2. d5 e5 3. c4 d6 4. Nc3 Be7 5. Nf3 a6 6. e4 Bg4 7. Qb3 b6 8. Nd2 Bg5
9. Na4 Nd7 10. h3 Bh5 11. h4 Bxd2+ 12. Bxd2 Ne7 13. g4 Bxg4 14. Rg1 Bh5 15. Rxg7
Ng6 16. Bg5 Qc7 17. Be2 Bxe2 18. Kxe2 b5 19. cxb5 axb5 20. Nc3 b4 21. Nb5 Qb6
22. a4 bxa3 23. bxa3 h5 24. a4 Kf8 25. Rxg6 fxg6 26. Qh3 Rh7 27. Qe6 Rxa4 28.
Nxd6 Ra7 29. Bh6+ 1-0

[Event "French Top 12 2013"]
[Site "Haguenau FRA"]
[Date "2013.05.31"]
[Round "2.8"]
[White "Draillard, Margot"]
[Black "Steil-Antoni, Fiona"]
[Result "0-1"]
[BlackTitle "WIM"]
[WhiteElo "1853"]
[BlackElo "2149"]
[WhiteTeam "Grasse Echecs"]
[BlackTeam "Vandoeuvre-Echecs"]
[WhiteFideId "699330"]
[BlackFideId "4001249"]
[EventDate "2013.05.30"]

1. d4 e6 2. c4 b6 3. a3 Bb7 4. Nc3 f5 5. Bf4 d6 6. Nf3 Nf6 7. Bg5 Be7 8. e3 Nbd7
9. Be2 O-O 10. O-O h6 11. Bxf6 Nxf6 12. b4 a6 13. Qc2 Qe8 14. Nd2 Nd7 15. Bf3
Bxf3 16. Nxf3 Qh5 17. Ne1 f4 18. exf4 Rxf4 19. Ne2 Rf7 20. Qe4 Re8 21. Ng3 Nf6
22. Qxe6 Qg6 23. Qf5 Qxf5 24. Nxf5 Bd8 25. Nf3 Ne4 26. Ne3 g5 27. Ng4 Kg7 28.
Rfe1 h5 29. Nd2 Rfe7 30. Nxe4 Rxe4 31. Rxe4 Rxe4 32. Ne3 Kg6 33. Rd1 g4 34. g3
Bf6 35. Nd5 Bd8 36. Nc3 Re8 37. Kf1 c6 38. Re1 Rxe1+ 39. Kxe1 Bf6 40. Ne4 Bxd4
41. Nxd6 Bb2 42. b5 axb5 43. cxb5 Bxa3 44. Nc4 Bb4+ 45. Ke2 cxb5 46. Nxb6 Bc5
47. Nd5 Kf5 48. Nf4 b4 49. Nd3 b3 50. Kd2 Bd4 51. Nf4 Bxf2 52. Nxh5 Bg1 53. Kc3
Bxh2 54. Kxb3 Kg5 55. Nf4 Bxg3 56. Ne2 Bf2 57. Kc2 Kf5 58. Kc3 Ke4 59. Kc2 Ke3
60. Kd1 Bh4 61. Ng1 g3 62. Ke1 g2+ 63. Kd1 Bf2 64. Ne2 Kf3 65. Kd2 Bb6 66. Ke1
Ba5+ 67. Kd1 Kf2 68. Nf4 0-1

[Event "French Top 12 2013"]
[Site "Haguenau FRA"]
[Date "2013.05.31"]
[Round "2.1"]
[White "Sanikidze, Tornike"]
[Black "Swiercz, Dariusz"]
[Result "0-1"]
[WhiteTitle "GM"]
[BlackTitle "GM"]
[WhiteElo "2549"]
[BlackElo "2631"]
[WhiteTeam "C.E. Strasbourg"]
[BlackTeam "C.E. de Rueil Malmaison"]
[WhiteFideId "13602608"]
[BlackFideId "1126881"]
[EventDate "2013.05.30"]

1. d4 Nf6 2. c4 e6 3. Nf3 d5 4. Nc3 Bb4 5. cxd5 exd5 6. Bg5 h6 7. Bh4 c5 8. e3
c4 9. Be2 O-O 10. O-O g5 11. Bg3 Bxc3 12. bxc3 Ne4 13. Rc1 Qa5 14. Nd2 Nxc3 15.
Qe1 Nxe2+ 16. Qxe2 Nc6 17. f4 Bf5 18. e4 Bg6 19. f5 Bh7 20. Bf2 Rae8 21. Be3 f6
22. Qh5 Qa3 23. Rce1 Qd3 24. Rf3 c3 25. Nb3 dxe4 26. Rg3 Ne7 27. Bxg5 hxg5 28.
Rxd3 exd3 29. g4 d2 30. Nxd2 cxd2 31. Rd1 Nd5 32. Rxd2 Kg7 33. Qh3 Re3 34. Qg2
Bg8 35. h4 gxh4 36. Qh2 h3 37. Qf2 Rfe8 38. Kh2 R8e4 39. Qg1 Nf4 40. Qc1 Nd5 41.
Qg1 Re1 42. Qg3 R4e2+ 43. Rxe2 Rxe2+ 44. Kh1 Nf4 0-1

[Event "French Top 12 2013"]
[Site "Haguenau FRA"]
[Date "2013.05.31"]
[Round "2.2"]
[White "Williams, Simon K"]
[Black "Doettling, Fabian"]
[Result "0-1"]
[WhiteTitle "GM"]
[BlackTitle "GM"]
[WhiteElo "2511"]
[BlackElo "2587"]
[WhiteTeam "C.E. de Rueil Malmaison"]
[BlackTeam "C.E. Strasbourg"]
[WhiteFideId "404454"]
[BlackFideId "4627253"]
[EventDate "2013.05.30"]

1. d4 d5 2. c4 e6 3. Nc3 Be7 4. Qc2 Nf6 5. cxd5 Nxd5 6. Nf3 O-O 7. a3 Nxc3 8.
bxc3 c5 9. e3 Qc7 10. Bd3 h6 11. O-O b6 12. Qe2 Nd7 13. e4 Bb7 14. Bb2 Rac8 15.
Nd2 Bg5 16. Nf3 Be7 17. e5 cxd4 18. cxd4 Qc6 19. Rfe1 Qd5 20. Qd1 Rc7 21. Re4
Rd8 22. Rg4 f5 23. exf6 Nxf6 24. Rg6 Qh5 25. Qe1 Bxf3 26. Qxe6+ Kh8 27. gxf3 Bd6
28. Qf5 Bxh2+ 29. Kg2 Qxf5 30. Bxf5 Bf4 31. Re1 Bd2 32. Rd1 Bc3 33. Rc1 Nd5 34.
Bxc3 Nf4+ 35. Kh2 Nxg6 36. d5 Nf4 37. d6 Rxd6 38. Re1 Rd8 39. Bb4 Rf7 40. Be4
Nd3 41. Rd1 Rfd7 42. Bc6 Rd4 0-1

[Event "French Top 12 2013"]
[Site "Haguenau FRA"]
[Date "2013.05.31"]
[Round "2.3"]
[White "Vaisser, Anatoly"]
[Black "Dubessay, Bastien"]
[Result "1/2-1/2"]
[WhiteTitle "GM"]
[BlackTitle "FM"]
[WhiteElo "2548"]
[BlackElo "2378"]
[WhiteTeam "C.E. Strasbourg"]
[BlackTeam "C.E. de Rueil Malmaison"]
[WhiteFideId "603252"]
[BlackFideId "650048"]
[EventDate "2013.05.30"]

1. d4 Nf6 2. c4 g6 3. Nc3 d5 4. cxd5 Nxd5 5. h4 Bg7 6. e3 Nxc3 7. bxc3 c5 8. h5
O-O 9. hxg6 hxg6 10. Nf3 Nc6 11. Bc4 Na5 12. Bd3 Bg4 13. Rh4 Bxf3 14. Qxf3 e5
15. Rh2 Qd7 16. Ba3 exd4 17. cxd4 Rfe8 18. Kf1 cxd4 19. Rd1 Rac8 20. Bb2 dxe3
21. Bxg7 Kxg7 22. fxe3 Qe6 23. Qf4 Rh8 24. Qd4+ Qf6+ 25. Qxf6+ Kxf6 26. Rxh8
Rxh8 27. Ke2 Nc6 28. Be4 Rd8 29. Bd5 Ke7 30. e4 Nb4 31. Bxb7 Rxd1 32. Kxd1 Nxa2
33. Kd2 f6 34. Kd3 Kd6 35. Kc4 Ke5 36. Ba6 Kxe4 37. Kb3 Nc1+ 38. Kc2 Na2 1/2-1/2

[Event "French Top 12 2013"]
[Site "Haguenau FRA"]
[Date "2013.05.31"]
[Round "2.4"]
[White "Renet, Olivier"]
[Black "Rozentalis, Eduardas"]
[Result "1/2-1/2"]
[WhiteTitle "GM"]
[BlackTitle "GM"]
[WhiteElo "2469"]
[BlackElo "2611"]
[WhiteTeam "C.E. de Rueil Malmaison"]
[BlackTeam "C.E. Strasbourg"]
[WhiteFideId "600040"]
[BlackFideId "12800023"]
[EventDate "2013.05.30"]

1. e4 Nf6 2. e5 Nd5 3. d4 d6 4. Nf3 g6 5. Bc4 c6 6. O-O Bg7 7. Re1 O-O 8. exd6
Qxd6 9. Bg5 Re8 10. Nbd2 Bf5 11. Bb3 Nd7 12. Nc4 Qc7 13. c3 N7b6 14. h3 Nxc4 15.
Bxc4 b5 16. Bb3 Rad8 17. Qe2 h6 18. Bh4 Nf4 19. Qe3 Nd3 20. Re2 Nf4 21. Ree1 Nd3
22. Re2 Nf4 1/2-1/2

[Event "French Top 12 2013"]
[Site "Haguenau FRA"]
[Date "2013.05.31"]
[Round "2.5"]
[White "Vitoux, Colomban"]
[Black "Baron, Tal"]
[Result "1-0"]
[WhiteTitle "IM"]
[BlackTitle "GM"]
[WhiteElo "2388"]
[BlackElo "2467"]
[WhiteTeam "C.E. Strasbourg"]
[BlackTeam "C.E. de Rueil Malmaison"]
[WhiteFideId "628549"]
[BlackFideId "2809958"]
[EventDate "2013.05.30"]

1. e4 e5 2. Nf3 Nc6 3. Bc4 Bc5 4. c3 Nf6 5. d3 O-O 6. Bg5 h6 7. Bh4 Be7 8. Nbd2
d6 9. O-O Nh5 10. Bg3 Nxg3 11. hxg3 Bf6 12. Re1 Ne7 13. Bb3 c6 14. d4 Bg4 15.
Nc4 Ng6 16. Ne3 Bxf3 17. gxf3 exd4 18. cxd4 c5 19. Nf5 Ne7 20. Nxe7+ Bxe7 21.
dxc5 dxc5 22. Bd5 Rb8 23. Qa4 a6 24. Rad1 Qc8 25. e5 b5 26. Qe4 Kh8 27. Bb3 Rb6
28. Bc2 g6 29. Rd5 Rd8 30. Red1 Rxd5 31. Rxd5 Qe6 32. f4 Rb8 33. Qf3 Rd8 34.
Rxd8+ Bxd8 35. Qa8 Qb6 36. e6 Kg7 37. exf7 Kxf7 38. Qd5+ Ke7 39. Qe5+ Kf7 40.
Qd5+ Ke7 41. Qg8 Qe6 42. Qg7+ Kd6 43. Bxg6 Qf6 44. Qb7 c4 45. Be4 Kc5 46. Qd5+
Kb6 47. b4 cxb3 48. axb3 Be7 49. Kg2 Bc5 50. Qe5 Qd8 51. Qe6+ Ka5 52. Bd5 Bd4
53. Bb7 Kb4 54. Qxa6 Bc5 55. Bc6 Qd3 56. Qa2 h5 57. Bf3 h4 58. Qe2 Qxb3 59. g4
Bd4 60. g5 Qf7 61. Qe4 Kc3 62. Be2 h3+ 63. Kxh3 Qd7+ 64. f5 b4 65. Qd3+ Kb2 66.
Bd1 Qh7+ 67. Kg4 Bc3 68. Qc2+ Ka1 69. Qa4+ Kb2 70. Qc2+ Ka1 71. Bf3 Qf7 72. Be4 1-0

[Event "French Top 12 2013"]
[Site "Haguenau FRA"]
[Date "2013.05.31"]
[Round "2.6"]
[White "Loiseau, Quentin"]
[Black "Roos, Daniel"]
[Result "1/2-1/2"]
[WhiteTitle "FM"]
[BlackTitle "IM"]
[WhiteElo "2406"]
[BlackElo "2347"]
[WhiteTeam "C.E. de Rueil Malmaison"]
[BlackTeam "C.E. Strasbourg"]
[WhiteFideId "665274"]
[BlackFideId "600253"]
[EventDate "2013.05.30"]

1. d4 d5 2. c4 c6 3. Nc3 Nf6 4. Nf3 e6 5. Bg5 Nbd7 6. cxd5 exd5 7. e3 Be7 8. Bd3
O-O 9. Qc2 Re8 10. h3 Nf8 11. Bf4 a6 12. O-O-O Be6 13. Kb1 Rc8 14. g4 N6d7 15.
g5 b5 16. h4 c5 17. Rdg1 g6 18. h5 c4 19. hxg6 cxd3 20. gxh7+ Kh8 21. Qxd3 Ng6
22. Rh6 Bf8 23. Rxg6 fxg6 24. Nh4 Bf7 25. Nxg6+ Bxg6 26. Qxg6 Bg7 27. Nxd5 Nf8
28. Qf7 Ne6 29. Nf6 Nxf4 30. Qg8+ Rxg8 31. hxg8=R+ Qxg8 32. Rh1+ Bh6 33. Rxh6+
Kg7 34. Nxg8 Nd3 35. Rh1 Kxg8 36. f3 Kg7 37. a3 Re8 38. e4 Kg6 39. Kc2 Nf4 40.
Rh6+ Kxg5 41. Rxa6 Ne6 42. d5 Nd4+ 43. Kd3 Nxf3 44. Rb6 Kf4 45. Rf6+ Kg4 46. Re6
Rc8 47. Rb6 Kf4 48. Rf6+ Kg4 49. Rb6 Kf4 50. Rf6+ Ke5 1/2-1/2

[Event "French Top 12 2013"]
[Site "Haguenau FRA"]
[Date "2013.05.31"]
[Round "2.7"]
[White "Roos, Louis"]
[Black "Debray, Christopher"]
[Result "0-1"]
[WhiteTitle "IM"]
[BlackTitle "IM"]
[WhiteElo "2373"]
[BlackElo "2356"]
[WhiteTeam "C.E. Strasbourg"]
[BlackTeam "C.E. de Rueil Malmaison"]
[WhiteFideId "600288"]
[BlackFideId "630810"]
[EventDate "2013.05.30"]

1. e4 c6 2. d4 d5 3. Nc3 dxe4 4. Nxe4 Bf5 5. Ng3 Bg6 6. h4 h6 7. Nf3 Nd7 8. h5
Bh7 9. Bd3 Bxd3 10. Qxd3 e6 11. Bf4 Qa5+ 12. Bd2 Bb4 13. c3 Be7 14. c4 Qc7 15.
O-O-O Ngf6 16. Qe2 O-O 17. Kb1 Rfe8 18. Bc3 b5 19. Ne5 bxc4 20. Qxc4 Rac8 21.
Rhe1 Nd5 22. Ne4 Nxe5 23. dxe5 Rb8 24. Re2 Red8 25. Rc1 Rb5 26. Rec2 Nxc3+ 27.
Rxc3 Qxe5 28. f3 Rdb8 29. b3 Bb4 30. R3c2 a5 31. Qxc6 a4 32. Nc5 Bxc5 33. Rxc5
Rxb3+ 0-1

[Event "French Top 12 2013"]
[Site "Haguenau FRA"]
[Date "2013.05.31"]
[Round "2.8"]
[White "Congiu, Mathilde"]
[Black "Nicoara, Malina"]
[Result "1-0"]
[WhiteTitle "WIM"]
[BlackTitle "WIM"]
[WhiteElo "2230"]
[BlackElo "2117"]
[WhiteTeam "C.E. de Rueil Malmaison"]
[BlackTeam "C.E. Strasbourg"]
[WhiteFideId "634581"]
[BlackFideId "604631"]
[EventDate "2013.05.30"]

1. e4 Nf6 2. e5 Nd5 3. d4 d6 4. c4 Nb6 5. exd6 cxd6 6. Nc3 g6 7. Be3 Bg7 8. Rc1
O-O 9. b3 Re8 10. Be2 N6d7 11. Nf3 Nf8 12. h3 e5 13. dxe5 dxe5 14. O-O Nc6 15.
Nd5 Ne6 16. Qd2 Ned4 17. Nxd4 Nxd4 18. Bxd4 exd4 19. Bf3 Bf5 20. Rfe1 Be6 21.
Qf4 Rc8 22. Rcd1 a5 23. Bg4 Rc6 24. Bf3 Rc8 25. Re4 a4 26. Rexd4 Bxd4 27. Qxd4
Bxd5 28. cxd5 axb3 29. d6 Rb8 30. axb3 Qg5 31. h4 Qe5 32. d7 1-0

[Event "French Top 12 2013"]
[Site "Haguenau FRA"]
[Date "2013.05.31"]
[Round "2.1"]
[White "Svetushkin, Dmitry"]
[Black "Inkiov, Ventzislav"]
[Result "1-0"]
[WhiteTitle "GM"]
[BlackTitle "GM"]
[WhiteElo "2588"]
[BlackElo "2465"]
[WhiteTeam "Club d'Echecs Metz Fischer"]
[BlackTeam "Migne Echecs"]
[WhiteFideId "13900463"]
[BlackFideId "2900033"]
[EventDate "2013.05.30"]

1. e4 e5 2. Nf3 Nc6 3. Bb5 f5 4. Nc3 fxe4 5. Nxe4 d5 6. Nxe5 dxe4 7. Nxc6 Qg5 8.
Qe2 Nf6 9. f4 Qxf4 10. Ne5+ c6 11. d4 Qh4+ 12. g3 Qh3 13. Bc4 Be6 14. Bg5 O-O-O
15. O-O-O Bd6 16. Nf7 Bxf7 17. Bxf7 Rdf8 18. Bb3 Qf5 19. Bd2 Kb8 20. Rhf1 Qg4
21. Rde1 h5 22. Bf4 Bxf4+ 23. Rxf4 Qxe2 24. Rxe2 g5 25. Rf5 Ng4 26. Be6 Rf6 27.
Rxf6 Nxf6 28. Rf2 Rh6 29. Kd2 Kc7 30. h3 Kd6 31. Bb3 h4 32. g4 Nd7 33. Rf5 Rf6
34. Rxg5 Rf3 35. Rg6+ Kc7 36. Be6 Nb6 37. g5 Nd5 38. Rg7+ Kb6 39. Rf7 Nf4 40.
Rxf4 Rxf4 41. Ke3 Rf1 42. Kxe4 Kc7 43. g6 Re1+ 44. Kf5 Rg1 45. Kf6 Kd6 46. Bf5 1-0

[Event "French Top 12 2013"]
[Site "Haguenau FRA"]
[Date "2013.05.31"]
[Round "2.2"]
[White "Bedouin, Xavier"]
[Black "Postny, Evgeny"]
[Result "0-1"]
[WhiteTitle "IM"]
[BlackTitle "GM"]
[WhiteElo "2387"]
[BlackElo "2637"]
[WhiteTeam "Migne Echecs"]
[BlackTeam "Club d'Echecs Metz Fischer"]
[WhiteFideId "617040"]
[BlackFideId "2804344"]
[EventDate "2013.05.30"]

1. e4 c6 2. d4 d5 3. Nc3 dxe4 4. Nxe4 Bf5 5. Ng3 Bg6 6. h4 h6 7. Nf3 Nd7 8. h5
Bh7 9. Bd3 Bxd3 10. Qxd3 e6 11. Bd2 Ngf6 12. O-O-O Be7 13. Kb1 O-O 14. Ne4 c5
15. Be3 Qc7 16. Nxf6+ Nxf6 17. Ne5 Rfd8 18. Qe2 Rac8 19. g4 Nd5 20. c3 b5 21.
Rhg1 cxd4 22. Bxd4 Bf6 23. Rge1 b4 24. cxb4 Nxb4 25. Bc3 Nd5 26. Bd4 Qb7 27. a3
Qb3 28. Rd3 Qb5 29. Rdd1 Nc3+ 30. Bxc3 Rxd1+ 31. Qxd1 Rxc3 32. Ka2 Rc5 33. f4
Bxe5 34. fxe5 Rxe5 35. Rxe5 Qxe5 36. Qd8+ Kh7 37. Qe7 Qd5+ 38. Ka1 Qh1+ 39. Ka2
Qd5+ 40. Ka1 e5 41. Qxa7 e4 42. a4 Qe6 43. Qe3 Qxg4 44. a5 Qf3 45. Qd4 f5 46.
Ka2 e3 47. Qe5 e2 48. a6 Qf2 0-1

[Event "French Top 12 2013"]
[Site "Haguenau FRA"]
[Date "2013.05.31"]
[Round "2.3"]
[White "Iordachescu, Viorel"]
[Black "Picard, Romain"]
[Result "1-0"]
[WhiteTitle "GM"]
[BlackTitle "IM"]
[WhiteElo "2582"]
[BlackElo "2342"]
[WhiteTeam "Club d'Echecs Metz Fischer"]
[BlackTeam "Migne Echecs"]
[WhiteFideId "13900200"]
[BlackFideId "627216"]
[EventDate "2013.05.30"]

1. e4 e6 2. d4 d5 3. Nd2 Nf6 4. e5 Nfd7 5. Bd3 c5 6. c3 Nc6 7. Ngf3 g6 8. h4 Qb6
9. h5 Rg8 10. hxg6 hxg6 11. a3 g5 12. Nb3 g4 13. Bh7 Rg7 14. Ng1 cxd4 15. cxd4
g3 16. Be3 Na5 17. Nxa5 Qxa5+ 18. b4 Qd8 19. Bd3 gxf2+ 20. Kxf2 Nb6 21. Rh8 Nc4
22. Bxc4 dxc4 23. Nf3 1-0

[Event "French Top 12 2013"]
[Site "Haguenau FRA"]
[Date "2013.05.31"]
[Round "2.4"]
[White "Velikov, Petar"]
[Black "Wirig, Anthony"]
[Result "1/2-1/2"]
[WhiteTitle "GM"]
[BlackTitle "GM"]
[WhiteElo "2422"]
[BlackElo "2498"]
[WhiteTeam "Migne Echecs"]
[BlackTeam "Club d'Echecs Metz Fischer"]
[WhiteFideId "2900149"]
[BlackFideId "615013"]
[EventDate "2013.05.30"]

1. Nf3 Nf6 2. g3 b6 3. Bg2 Bb7 4. O-O g6 5. c4 Bg7 6. d4 O-O 7. Nc3 Ne4 8. Nxe4
Bxe4 9. Be3 d6 10. Qd2 c5 11. Bh6 Nd7 12. Bxg7 Kxg7 13. Rfd1 Nf6 14. Rac1 Qc7
15. Bf1 Bxf3 16. exf3 e5 17. dxe5 dxe5 18. Qd6 Qxd6 19. Rxd6 Rfd8 20. Rcd1 Rxd6
21. Rxd6 Re8 22. Bh3 e4 23. fxe4 Rxe4 24. Bf1 Re1 25. Kg2 Rc1 26. Rd3 Rc2 27.
Ra3 Rxb2 28. Rxa7 Ng4 29. Kg1 Nxf2 30. Bg2 Ng4 31. Bd5 Ne5 32. h3 h5 33. a4 Rb4
34. Kf2 Nxc4 35. Rxf7+ Kh6 36. Ra7 Na5 37. Re7 Rd4 38. Be4 Rd6 39. h4 Rf6+ 40.
Ke2 Nc4 41. Bd5 Nd6 42. Bg8 g5 43. Rh7+ Kg6 44. Rc7 gxh4 45. gxh4 Kf5 46. a5
bxa5 47. Rxc5+ Kg4 48. Rxa5 Kxh4 49. Re5 Nf5 50. Bd5 Ng3+ 51. Ke3 Kh3 52. Re8
Nf1+ 53. Ke2 Ng3+ 54. Ke3 h4 55. Rh8 Nf5+ 56. Ke2 Ng3+ 57. Ke3 Nf1+ 58. Ke2 Rf4
59. Be6+ Kh2 60. Bd7 Ng3+ 1/2-1/2

[Event "French Top 12 2013"]
[Site "Haguenau FRA"]
[Date "2013.05.31"]
[Round "2.6"]
[White "Pel, Bonno"]
[Black "Koch, Jean-Rene"]
[Result "0-1"]
[WhiteTitle "FM"]
[BlackTitle "IM"]
[WhiteElo "2280"]
[BlackElo "2473"]
[WhiteTeam "Migne Echecs"]
[BlackTeam "Club d'Echecs Metz Fischer"]
[WhiteFideId "1004760"]
[BlackFideId "600148"]
[EventDate "2013.05.30"]

1. g3 d5 2. Bg2 Nf6 3. d3 c6 4. f4 Qb6 5. e3 Bg4 6. Nf3 Nbd7 7. h3 Bxf3 8. Qxf3
e5 9. O-O Bd6 10. Nc3 exf4 11. gxf4 O-O-O 12. Kh1 h5 13. a4 a5 14. Bd2 Bb4 15.
e4 dxe4 16. dxe4 Ng4 17. Rae1 Nc5 18. Qe2 Ne6 19. Bf3 Kb8 20. Qg2 Nd4 21. Bd1 f5
22. e5 Ne6 23. Bc1 Bc5 24. Qe2 Nf2+ 25. Kg2 Nxd1 26. Rxd1 Nd4 27. Qd3 Nb3 28.
Qxf5 Nxc1 29. Rxc1 Rd2+ 30. Kf3 Bg1 31. Nd1 Qc5 32. Qe4 g5 33. Ne3 Bxe3 34. f5
Bf4 35. e6 Rd4 36. Qe2 Qd5+ 0-1